000 00637nam a2200229Ia 4500
005 20250508164409.0
008 008 250505s9999 xx 000 0 hin d
020 _a81-7016-380-3
037 _aTextual
040 _aFEDL
_beng
_cFEDL
041 _ahin
_2eng
084 _a891.433, MAT
_qFEDL
100 _aMatiyani Shailesh
245 0 _aDus pratinidhi kahaniyan
260 _aNew Delhi, India
_bKitab Ghar Parkashan
_c2006
300 _a123p.
365 _aINR
_b120
490 _aDus pratinidhi kahaniyan
650 _aFiction - Hindi
_9778022
942 _cTEXL
_h891.433, MAT
999 _c1388938
_d1388938